|
|
|
|
| LEADER |
01088nam a2200301 a 4500 |
| 001 |
79 |
| 003 |
BD-DhAAL |
| 005 |
20150617103457.0 |
| 008 |
150617s1994 nyua b 001 0 eng |
| 010 |
|
|
|a 93026318
|
| 020 |
|
|
|a 0070296731 (acidfree paper)
|
| 040 |
|
|
|a DLC
|c DLC
|d DLC
|d BD-DhAAL
|
| 050 |
0 |
0 |
|a KF2750
|b .H65 1994
|
| 082 |
0 |
0 |
|a 343.7309/9
|a 347.30399
|2 20
|
| 100 |
1 |
|
|a Holsinger, Ralph L.
|9 12211
|
| 245 |
1 |
0 |
|a Media law /
|c Ralph L. Holsinger, Jon Paul Dilts.
|
| 250 |
|
|
|a 3rd ed.
|
| 260 |
|
|
|a New York :
|b McGraw-Hill,
|c c1994.
|
| 300 |
|
|
|a xxi, 707 p. :
|b ill. ;
|c 25 cm.
|
| 490 |
|
|
|a McGraw-Hill series in mass communication
|
| 504 |
|
|
|a Includes bibliographical references and indexes.
|
| 541 |
|
|
|e 79
|
| 650 |
|
0 |
|a Mass media
|x Law and legislation
|z United States.
|9 12212
|
| 650 |
|
0 |
|a Press law
|z United States.
|9 12213
|
| 700 |
1 |
|
|a Dilts, Jon.
|9 12214
|
| 942 |
|
|
|2 ddc
|c BK
|
| 999 |
|
|
|c 34763
|d 34763
|
| 952 |
|
|
|0 0
|1 0
|2 ddc
|4 0
|6 343_730990000000000_HOL
|7 0
|9 54371
|a SCL
|b SCL
|c GEN
|d 2015-06-17
|e Gift: The Asia Foundation
|l 0
|o 343.73099 HOL
|p 3020000079
|r 2015-06-17
|t 1
|w 2015-06-17
|y BK
|